00893nam a2200193 a 450000100100000000500170001000800410002704000250006810000480009324500830014126000370022430000210026150000550028204900090033795201200034695201110046695201050057799900170068200003590420250205100840.0111115s2011 dr 000 0 spa d aDO-SdBNPbspacBNPHU1 aVásquez Rondón, Ruddy A.,d1933-96321313aEl negocio del diezmo o los mercaderes del templo /cRuddy Vásquez Rondón. aSanto Domingo :bJ. & N.,c2011. a208 p. ;c22 cm. aIncluye datos biográficos del autor en la solapa aBNPD 001054708DSaGRbGRcCTd2011-11-15iLF1l0o p35904-30r2020-06-25te. 3w2020-06-25yLFDSZPréstamo en sala 0010718PDaPDbPDcCTd2011-11-15iLF1l0o p35904-10r2020-06-25te. 2w2020-06-25yLFPDZNo se presta 0010718PDaPDbPDcCTd2011-11-15iLF1l0o p35904-20r2020-06-25w2020-06-25yLFPDZNo se presta c35395d35395